[Event "Prva liga Centralne Srbije 2010"]
[Site "Valjevo"]
[Date "2010.09.21"]
[Round "5.6"]
[White "Simantsev, Mikhail"]
[Black "Savicevic, Vlatko"]
[Result "1-0"]
[WhiteElo "2541"]
[BlackElo "2353"]
[PlyCount "55"]
[EventDate "2010.09.18"]

1. d4 d5 2. c4 e6 3. Nc3 Be7 4. Nf3 Nf6 5. Bf4 O-O 6. e3 c5 7. dxc5 Bxc5 8. Qc2
Nc6 9. a3 Qa5 10. Nd2 Be7 11. Bg3 Bd7 12. Be2 Rfc8 13. O-O Qd8 14. Rfd1 Na5 15.
b3 a6 16. Qb2 Qb6 17. cxd5 exd5 18. Be5 Qe6 19. Bg3 Qb6 20. Be5 Qe6 21. Bg3 Qb6
22. Rac1 h6 23. b4 Nc4 24. Nxd5 Nxb2 25. Nxb6 Nxd1 26. Rxc8+ Rxc8 27. Nxc8 Bxc8
28. Bxd1 1-0

[Event "Prva liga Centralne Srbije 2010"]
[Site "Valjevo"]
[Date "2010.09.21"]
[Round "5.6"]
[White "Simic, Dragisa"]
[Black "Milenkovic, Mladen"]
[Result "0-1"]
[WhiteElo "2348"]
[BlackElo "2406"]
[PlyCount "122"]
[EventDate "2010.09.18"]

1. e4 c5 2. Nf3 d6 3. d4 cxd4 4. Nxd4 Nf6 5. Nc3 a6 6. Be3 Ng4 7. Bc1 Nc6 8.
Be2 Nf6 9. Be3 g6 10. Qd2 Bg7 11. O-O-O Nxd4 12. Bxd4 O-O 13. h4 Be6 14. Kb1 b5
15. f3 Re8 16. h5 Qa5 17. hxg6 hxg6 18. Qg5 Rec8 19. Rh2 Rxc3 20. Bxc3 Qxa2+
21. Kc1 b4 22. Bd4 b3 23. c3 Qa1+ 24. Kd2 Qxb2+ 25. Ke3 Rc8 26. Bxa6 Rxc3+ 27.
Bxc3 Qxc3+ 28. Ke2 Bc4+ 29. Bxc4 Qxc4+ 30. Kf2 Qxe4 31. Qb5 Qc2+ 32. Qe2 Qf5
33. Ke1 Nd5 34. g4 Bc3+ 35. Kf2 Qf4 36. Kg1 Bd4+ 37. Kh1 e5 38. Qe4 Qxe4 39.
fxe4 Nc3 40. Rd3 Kg7 41. Rhd2 Nxe4 42. Rxd4 exd4 43. Rxd4 b2 44. Rb4 Nf2+ 45.
Kg2 Nxg4 46. Rxb2 Kf6 47. Kg3 Ne5 48. Rb6 Ke6 49. Kf4 f6 50. Ke4 f5+ 51. Kd4 g5
52. Ra6 Nd7 53. Ra8 Nf6 54. Rh8 f4 55. Rd8 g4 56. Ra8 Kf5 57. Ra5+ d5 58. Ra7
g3 59. Rg7 Ng4 60. Rf7+ Kg5 61. Rg7+ Kh5 0-1